Ecología : (Registro nro. 13052)

Detalles MARC
000 -LIDER
fixed length control field 00850nam a22002417a 4500
003 - IDENTIFICACDOR DE NÚMERO DE CONTROL
control field DO-SdBNP
005 - DATE AND TIME OF LATEST TRANSACTION
control field 20171124105212.0
008 - ELEMENTOS DE LONGITUD FIJA
fixed length control field 171123b 2000 mx a ||||| |||| 00| 0 spa d
020 ## - ISBN
International Standard Book Number 0030047713
040 ## - FUENTE DE CATALOGACIÓN
Agencia que crea de manera original el registro BPMSU
Idioma de catalogación spa
Agencia que realiza la transcripción BPMSU
092 ## - LOCALLY ASSIGNED DEWEY DECIMAL CALL NUMBER
Número de clasificación xxxx
Número de ítem (Cutter) xxxx
100 1# - ASIENTO PRINCIPAL -- NOMBRE PERSONAL
Nombre personal Odum, Eugene P.
240 10 - TITULO UNIFORME
Título uniforme Ecology: the link between the natural and the social sciences.
Idioma de una obra Español
245 10 - MENCIÓN DE TITULO
Título Ecología :
Subtítulo el vínculo entre las ciencias naturales y las sociales /
Mención de responsabilidad Eugene P. Odum ; traducción Miguel Ángel Marrón Aguilar.
260 ## - PUBLICACIÓN, DISTRIBUCIÓN, ETC. (PIE DE IMPRENTA)
Lugar de publicación, distribución, etc México :
Nombre del editor, distribuidor, etc. Continental,
Fecha de publicación, distribución, etc 2000.
300 ## - DESCRIPCIÓN FÍSICA
Extensión 295 p. :
Otros detalles físicos il. ;
Dimensiones 23 cm.
490 1# - MENCIÓN DE SERIES
Mención de serie Biología Moderna
700 12 - ASIENTO SECUNDARIO -- NOMBRE PERSONAL
Nombre personal Marrón Aguilar, Miguel Ángel,
Mención de responsabilidad tr.
830 #0 - ASIENTO SECUNDARIO DE SERIE--TÍTULO UNIFORME
Título uniforme Biología Moderna.
942 ## - ADDED ENTRY ELEMENTS (KOHA)
Source of classification or shelving scheme Dewey Decimal Classification
Koha item type Libros
945 ## - INFORMACIÓN DE PROCESAMIENTO LOCAL
Información de procesamiento local Inventario / 2017 LP
956 ## - LOCAL ELECTRONIC LOCATION AND ACCESS (OCLC)
Nombre de host LOPEREZ
Número de acceso 10
Información de compresión 20171123
Procesador de solicitud 0041
Instrucción BPMSU
Existencias
Withdrawn status Lost status Source of classification or shelving scheme Damaged status Not for loan Collection code Home library Current library Date acquired Source of acquisition Total Checkouts Barcode Date last seen Price effective from Koha item type
    Dewey Decimal Classification     Colección General Biblioteca Pública Metropolitana Salomé Ureña Biblioteca Pública Metropolitana Salomé Ureña 11/23/2017 Donación   BPMSU17110380 11/23/2017 11/23/2017 Libros